Loading...
Science - Biology | 0 | 4 | 0 | 0 | 40 | 44 | 59.75 | 2 | 4 |
History - European History | 0 | 3 | 0 | 0 | 30 | 74 | 106.67 | 0 | 1 |
Geography | 0 | 2 | 0 | 0 | 20 | 99 | 122.50 | 0 | 0 |
History - World History | 0 | 2 | 0 | 1 | 20 | 108 | 136.00 | 0 | 0 |
Religion | 0 | 2 | 0 | 1 | 20 | 143 | 144.00 | 0 | 0 |
Science - Chemistry | 0 | 1 | 0 | 0 | 10 | 116 | 116.00 | 0 | 0 |
Fine Arts - Other Fine Arts | 0 | 1 | 0 | 0 | 10 | 126 | 126.00 | 0 | 0 |
Fine Arts - Painting & Sculpture | 0 | 1 | 0 | 1 | 10 | 160 | 160.00 | 0 | 0 |
History - Other History | 0 | 1 | 0 | 1 | 10 | 148 | 148.00 | 0 | 0 |
Current Events | 0 | 1 | 0 | 0 | 10 | 103 | 103.00 | 0 | 0 |
History - American History | 0 | 0 | 0 | 0 | 0 | 0.00 | 0 | 0 | |
Literature - American Literature | 0 | 0 | 1 | 0 | -5 | 0.00 | 0 | 0 |